Zásadné zmeny pri zadávaní zákaziek s využitím elektronického trhoviska účinné od 2. augusta 2021

Predstavenie tých najvýznamnejších a zásadných zmien, ktoré obchodovanie s využitím elektronického trhoviska menia od 2. augusta 2021.

Gespeichert in:
Bibliographische Detailangaben
1. Verfasser: Hudec, Branislav
Format: Buchkapitel
Sprache:Slowakisch
Schlagworte:
Tags: Tag hinzufügen
Keine Tags, Fügen Sie das erste Tag hinzu!

MARC

LEADER 00000naa a2200000 4500
001 0279615
005 20240417075147.6
041 0 |a slo 
044 |a SK 
245 1 0 |a Zásadné zmeny pri zadávaní zákaziek s využitím elektronického trhoviska účinné od 2. augusta 2021  |c Branislav Hudec 
520 |a Predstavenie tých najvýznamnejších a zásadných zmien, ktoré obchodovanie s využitím elektronického trhoviska menia od 2. augusta 2021. 
610 2 0 |a legislatíva 
610 2 0 |a podmienky obchodné 
610 2 0 |a trh elektronický 
610 2 0 |a zákazky 
610 2 0 |a obstarávanie verejné 
100 1 |a Hudec, Branislav